BASIC pro začátečníky

Gespeichert in:
Bibliographische Detailangaben
Format: Buch
Sprache:Tschechisch
Veröffentlicht: Praha Státní nakladatelství technické literatury 1988
Tags: Tag hinzufügen
Keine Tags, Fügen Sie das erste Tag hinzu!

MARC

LEADER 00000nam a2200000 4500
001 c034122
005 20260319105525.5
041 0 |a cze 
044 |a CZ 
245 1 0 |a BASIC pro začátečníky  |c Petr Kroha, Pavel Slavík 
264 1 |a Praha  |b Státní nakladatelství technické literatury  |c 1988 
300 |a 303 s.